000 00436nam a22001577a 4500
003 NUST - PNEC
005 20170116181042.0
008 150922b xxu||||| |||| 00| 0 eng d
040 _cLIBRARY
082 _a623.81 GIL
100 _911631
_a Gillmer, Thomas C
245 _aFundamentals of construction and stability of naval ships
_cGillmer, Thomas C
260 _c1956
650 _911632
_aStability of ships
_xME
942 _2ddc
_cBK
999 _c68151
_d68151